[Event "NAYCC U16-U18 w"]
[Site "Windsor CAN"]
[Date "2016.08.09"]
[Round "5.17"]
[White "Wang, Constance"]
[Black "Ouellet, Maili-Jade"]
[Result "0-1"]
[WhiteElo "1886"]
[BlackElo "1906"]
[PlyCount "68"]
[EventDate "2016.08.07"]
[EventType "swiss"]
[EventRounds "9"]
[EventCountry "CAN"]

1. e4 c5 2. Nf3 e6 3. d4 cxd4 4. Nxd4 a6 5. c4 Nf6 6. Nc3 d6 7. Be2 Be7 8. O-O
Nbd7 9. Be3 Qc7 10. f3 b6 11. Qd2 Bb7 12. a4 O-O 13. a5 bxa5 14. Nb3 Rab8 15.
Nxa5 Ba8 16. Rfc1 Rfc8 17. Nd1 Ne5 18. b4 Qd7 19. b5 axb5 20. cxb5 d5 21. b6
Rxc1 22. Rxc1 dxe4 23. Qb2 exf3 24. Qxe5 Bd6 25. Qb2 fxe2 26. Qxe2 Nd5 27. Nc4
Nxe3 28. Ndxe3 Bc5 29. Rb1 Be4 30. Rd1 Qb5 31. Qf2 Bd5 32. Ne5 Qxb6 33. Re1 Qc7
34. Kh1 Qxe5 0-1

[Event "NAYCC U16-U18 w"]
[Site "Windsor CAN"]
[Date "2016.08.09"]
[Round "5.19"]
[White "Matus, Nastassja"]
[Black "Ding, Kimberly"]
[Result "1/2-1/2"]
[WhiteElo "1806"]
[BlackElo "1966"]
[PlyCount "93"]
[EventDate "2016.08.07"]
[EventType "swiss"]
[EventRounds "9"]
[EventCountry "CAN"]

1. d4 Nf6 2. c4 g6 3. g3 Bg7 4. Bg2 O-O 5. Nf3 d6 6. Nc3 Nbd7 7. O-O e5 8. e4
a6 9. Re1 Re8 10. d5 Nf8 11. b4 Re7 12. a4 Ne8 13. Ba3 f5 14. c5 Rf7 15. Nd2 f4
16. cxd6 cxd6 17. Nc4 h5 18. Rc1 Bh6 19. Rc2 fxg3 20. hxg3 h4 21. Qd3 hxg3 22.
fxg3 Bg4 23. Bc1 Bxc1 24. Rcxc1 Rc8 25. Rf1 Rxf1+ 26. Qxf1 Rc7 27. Rc2 Ng7 28.
b5 Nh5 29. Qd3 Rf7 30. Ne2 Qf6 31. Qe3 Nh7 32. Nc1 axb5 33. axb5 Ng5 34. Rf2
Qd8 35. Rxf7 Nxf7 36. Nb3 Bd7 37. b6 Bb5 38. Nba5 Qc8 39. Bf1 Nf6 40. Kg2 Kf8
41. Qf3 Ke7 42. Qe3 Ba6 43. Bd3 Ng4 44. Qe2 Nf6 45. Qe3 Ng4 46. Qe2 Nf6 47. Qe3
1/2-1/2

[Event "NAYCC U16-U18 w"]
[Site "Windsor CAN"]
[Date "2016.08.09"]
[Round "5.20"]
[White "Qiao, Cindy"]
[Black "Samadashvili, Martha"]
[Result "0-1"]
[WhiteElo "1699"]
[BlackElo "1791"]
[PlyCount "194"]
[EventDate "2016.08.07"]
[EventType "swiss"]
[EventRounds "9"]
[EventCountry "CAN"]

1. e4 c5 2. Nf3 Nc6 3. Bb5 g6 4. Bxc6 dxc6 5. d3 Bg7 6. h3 e5 7. Nc3 Qe7 8. Be3
Nf6 9. Qd2 O-O 10. Bh6 Re8 11. O-O-O a5 12. Rdg1 a4 13. h4 Bxh6 14. Qxh6 Ng4
15. Qd2 h5 16. Ng5 b5 17. f3 Nf6 18. Nd1 Rd8 19. Qe2 Ba6 20. Qe3 b4 21. Nf2 b3
22. cxb3 axb3 23. a3 Bb5 24. Qe2 Rd4 25. Rd1 c4 26. Qd2 cxd3 27. Kb1 c5 28. Qc3
c4 29. Rd2 Nd7 30. Nd1 Nb6 31. Qc1 Bc6 32. Nc3 Qf6 33. Rf2 Qd6 34. Qd2 Na4 35.
Nxa4 Rxa4 36. Rc1 Qe7 37. g3 Qd7 38. Rh2 Kg7 39. Rhh1 Bb7 40. Rh2 Bc8 41. Nh3
Qe7 42. Ng5 Bd7 43. Nh3 Qf6 44. Ng5 Qd8 45. Nh3 Be6 46. Ng5 Bd7 47. Nh3 f6 48.
Nf2 f5 49. Rhh1 Qf6 50. Rhf1 Bc6 51. Rce1 Rd8 52. Nh3 Bb5 53. Rf2 Rc8 54. Qc3
Re8 55. Qd2 Raa8 56. Ng5 Rac8 57. Rc1 Red8 58. Rc3 Rf8 59. Nh3 Qe7 60. Ng5 Rc6
61. Rc1 Rcf6 62. Rcf1 Bc6 63. Qe3 f4 64. gxf4 Rxf4 65. Rh1 Bd7 66. Kc1 Qf6 67.
Rfh2 Qc6 68. Qd2 Be6 69. Qa5 Qd6 70. Qa7+ Bd7 71. Qa5 Rc8 72. Qc3 Qc5 73. Kd2
Qe7 74. Kc1 Qc5 75. Kd2 Qe7 76. Kc1 Rcf8 77. Kd2 Rxh4 78. Rxh4 Qxg5+ 79. Kd1
Qg3 80. Qe1 Qxf3+ 81. Kd2 Qg2+ 82. Kc3 Qc2+ 83. Kb4 Rb8+ 84. Ka5 Qxb2 85. Qa1
Qxa1 86. Rxa1 b2 87. Rb1 c3 88. Rhh1 c2 89. a4 cxb1=Q 90. Rxb1 d2 91. Ka6 Bxa4
92. Ka7 d1=Q 93. Rxd1 Bxd1 94. Kxb8 b1=Q+ 95. Kc7 Kf7 96. Kd8 Qb6+ 97. Kc8 Bg4#
0-1

[Event "NAYCC U16-U18 w"]
[Site "Windsor CAN"]
[Date "2016.08.09"]
[Round "5.21"]
[White "Kaneshalingam, Mathanhe"]
[Black "Davis, Katherine"]
[Result "1-0"]
[WhiteElo "1631"]
[BlackElo "1780"]
[PlyCount "55"]
[EventDate "2016.08.07"]
[EventType "swiss"]
[EventRounds "9"]
[EventCountry "CAN"]

1. e4 c5 2. Nc3 e6 3. f4 d5 4. Nf3 a6 5. d3 Nc6 6. g3 Nf6 7. e5 Nd7 8. Bg2 Be7
9. O-O O-O 10. Qe1 b5 11. g4 Qc7 12. Qg3 b4 13. Ne2 a5 14. Bd2 Ba6 15. Rfe1 a4
16. b3 Rfc8 17. f5 Ndxe5 18. Nxe5 Nxe5 19. fxe6 fxe6 20. Nf4 Ng6 21. Nxd5 Qxg3
22. Nxe7+ Nxe7 23. hxg3 Ra7 24. Rxe6 Bb5 25. Rae1 Ng6 26. Bd5 Kh8 27. Rxg6 hxg6
28. Re2 1-0

[Event "NAYCC U16-U18 w"]
[Site "Windsor CAN"]
[Date "2016.08.09"]
[Round "5.22"]
[White "Nguyen, Emily"]
[Black "Tao, Rachel"]
[Result "1-0"]
[WhiteElo "2067"]
[BlackElo "1628"]
[PlyCount "111"]
[EventDate "2016.08.07"]
[EventType "swiss"]
[EventRounds "9"]
[EventCountry "CAN"]

1. d4 Nf6 2. Bg5 Ne4 3. Bf4 g6 4. f3 Nf6 5. e4 d6 6. Bc4 Bg7 7. Ne2 O-O 8. Nbc3
a6 9. a4 Nbd7 10. Qd2 Re8 11. O-O-O b6 12. Bh6 e5 13. d5 Nc5 14. b3 Bd7 15. h4
Qb8 16. h5 b5 17. Bxg7 Kxg7 18. hxg6 fxg6 19. Qh6+ Kg8 20. axb5 axb5 21. Bd3
Nxd3+ 22. Rxd3 Ra1+ 23. Kb2 Rxh1 24. Qxh1 b4 25. Na2 Bb5 26. Rd2 Bxe2 27. Rxe2
Qb6 28. Re1 Qd4+ 29. Kb1 Ra8 30. Qg1 Qxg1 31. Rxg1 Rb8 32. Nc1 Kf7 33. Nd3 Ke7
34. Kb2 Kd7 35. Ra1 Rb7 36. Ra4 Nh5 37. Nxb4 Rb8 38. Nd3 Nf4 39. Nxf4 exf4 40.
Ra1 h5 41. c4 g5 42. Rh1 h4 43. Kc3 Ra8 44. Rd1 Ra2 45. Rd2 Rxd2 46. Kxd2 g4
47. fxg4 f3 48. Ke3 fxg2 49. Kf2 h3 50. b4 Ke7 51. c5 dxc5 52. bxc5 Kf6 53. d6
cxd6 54. c6 Ke7 55. c7 Kd7 56. g5 1-0

[Event "NAYCC U16-U18 w"]
[Site "Windsor CAN"]
[Date "2016.08.09"]
[Round "5.23"]
[White "Laurrabaquio Ramirez, Itzel At"]
[Black "Liu, Joanna"]
[Result "0-1"]
[WhiteElo "1470"]
[BlackElo "1956"]
[PlyCount "76"]
[EventDate "2016.08.07"]
[EventType "swiss"]
[EventRounds "9"]
[EventCountry "CAN"]

1. c4 e5 2. Nc3 Nf6 3. g3 d5 4. cxd5 Nxd5 5. Bg2 Nb6 6. d3 Nc6 7. Nf3 Be7 8.
O-O O-O 9. a3 Be6 10. b4 a5 11. b5 Nd4 12. Nxe5 Bf6 13. f4 Nb3 14. Rb1 Qd4+ 15.
Kh1 Qxc3 16. Bb2 Qd2 17. Bxb7 Qxd1 18. Rfxd1 Rab8 19. Be4 Nc5 20. Bc6 Nca4 21.
Ba1 Be7 22. d4 Ba2 23. d5 Bxb1 24. Rxb1 Bxa3 25. Bd4 Bc5 26. Bxc5 Nxc5 27. Ra1
a4 28. Rc1 Nb3 29. Rc3 Rfd8 30. Nc4 Nxd5 31. Rd3 Nb6 32. Rxd8+ Rxd8 33. Ne5 a3
34. Kg2 a2 35. Kh3 a1=Q 36. Bg2 Rd6 37. Ng4 f5 38. Bf3 fxg4+ 0-1

[Event "NAYCC U16-U18 w"]
[Site "Windsor CAN"]
[Date "2016.08.09"]
[Round "5.24"]
[White "Liu, Miranda"]
[Black "Cui, Cynthia"]
[Result "1-0"]
[WhiteElo "1902"]
[BlackElo "1508"]
[PlyCount "389"]
[EventDate "2016.08.07"]
[EventType "swiss"]
[EventRounds "9"]
[EventCountry "CAN"]

1. e4 d5 2. exd5 Qxd5 3. Nc3 Qd6 4. d4 Nf6 5. Nb5 Qd8 6. c4 c6 7. Nc3 Bf5 8.
Nf3 e6 9. Be2 Nbd7 10. O-O Be7 11. b3 h6 12. Bb2 O-O 13. Qd2 Qc7 14. Rad1 Rfe8
15. Rfe1 Rad8 16. Qc1 Nb6 17. h3 Ne4 18. Bf1 Nxc3 19. Bxc3 Bf6 20. Ba5 c5 21.
b4 Bxd4 22. Nxd4 Rxd4 23. Rxd4 cxd4 24. c5 Rc8 25. Qa1 d3 26. Rd1 e5 27. Bxd3
Bxd3 28. Rxd3 Rd8 29. Rxd8+ Qxd8 30. b5 Qd5 31. cxb6 axb6 32. Bc3 Qxb5 33. Bxe5
f6 34. Bg3 Qa5 35. Qb1 b5 36. Kh2 Qb6 37. Qb4 Qa6 38. a3 Qc6 39. Qd6 Qc3 40.
Qb8+ Kh7 41. Qxb7 Qxa3 42. Qxb5 Qe7 43. Qf5+ Kg8 44. Qg6 Qd7 45. Bf4 Kf8 46.
Bxh6 Qd6+ 47. g3 gxh6 48. Qxh6+ Ke7 49. h4 Qe5 50. Qh7+ Kf8 51. Qa7 Qf5 52. Qe3
Kf7 53. Kg2 Kg7 54. Qf3 Qe6 55. Qf4 Qc6+ 56. Kh3 Qc2 57. h5 Kf7 58. g4 Kg7 59.
Qe3 Qb2 60. Kg3 Qa1 61. Qe7+ Kh6 62. Qe4 Kg7 63. Kg2 Qc3 64. Qg6+ Kf8 65. h6
Qc6+ 66. f3 Qe6 67. Qg7+ Ke8 68. Qh8+ Kf7 69. Qh7+ Kf8 70. Qc2 Kg8 71. Qc7 Qe2+
72. Kg1 Qe3+ 73. Kg2 Qxh6 74. Qd8+ Kf7 75. Qd7+ Kf8 76. Qd6+ Kf7 77. Qd5+ Kf8
78. Kg3 Qc1 79. Qa8+ Kf7 80. Qa7+ Kg6 81. Qf2 Qc7+ 82. Kg2 Qf4 83. Qc2+ Kg5 84.
Qc5+ Kg6 85. Qd5 Qe3 86. Qf5+ Kg7 87. Kg3 Qe1+ 88. Kf4 Qd2+ 89. Ke4 Qb4+ 90.
Kd5 Qb5+ 91. Kd6 Qb6+ 92. Ke7 Qb7+ 93. Kd8 Qb6+ 94. Kc8 Qc6+ 95. Kd8 Qb6+ 96.
Ke8 Qb8+ 97. Ke7 Qb7+ 98. Kd6 Qb6+ 99. Kd5 Qb5+ 100. Kd4 Qb4+ 101. Ke3 Qb6+
102. Kd2 Qb2+ 103. Qc2 Qd4+ 104. Qd3 Qf4+ 105. Qe3 Qh2+ 106. Ke1 Qg3+ 107. Kf1
Qh3+ 108. Ke2 Qh2+ 109. Qf2 Qe5+ 110. Kf1 Qf4 111. Kg2 Kg6 112. Qg3 Qd2+ 113.
Kh3 Qh6+ 114. Qh4 Qf4 115. Qh5+ Kg7 116. Qf5 Qh6+ 117. Kg3 Qd2 118. Qe4 Qd6+
119. f4 Qc7 120. Qd3 Qe7 121. Qc3 Qf7 122. Kh4 Qa7 123. Kh5 Qf7+ 124. Kh4 Qa7
125. Qb2 Qe7 126. Qd2 Qb7 127. Qe1 Qc7 128. Qg3 Qb7 129. Qh2 Qb1 130. Qg2 Qe1+
131. Kh3 Qe3+ 132. Qg3 Qe4 133. Kh2 Qh7+ 134. Kg2 Qc2+ 135. Qf2 Qc7 136. Kg3
Qc3+ 137. Kh4 Qc7 138. f5 Qb7 139. Qe1 Qc7 140. Qd2 Qb7 141. Qc1 Qa7 142. Kh5
Qf7+ 143. Kh4 Qa7 144. Qb2 Qe7 145. Qg2 Qe1+ 146. Kh3 Qe3+ 147. Qg3 Qh6+ 148.
Kg2 Qd2+ 149. Kg1 Qc1+ 150. Kh2 Qh6+ 151. Qh3 Qd2+ 152. Kg3 Qe3+ 153. Kh2 Qd2+
154. Qg2 Qh6+ 155. Kg1 Qc1+ 156. Kf2 Qd2+ 157. Kg3 Qd6+ 158. Kh4 Qe7 159. Qh1
Qa7 160. Qf3 Qc7 161. Qg2 Qe7 162. Qd2 Qb7 163. Qh2 Qe7 164. Qg2 Qe1+ 165. Kh5
Qe8+ 166. Kh4 Qe1+ 167. Kh3 Qe3+ 168. Kh2 Qh6+ 169. Kg1 Qc1+ 170. Kf2 Qd2+ 171.
Kf3 Qd3+ 172. Kf4 Qd6+ 173. Ke3 Qc5+ 174. Kd3 Qa3+ 175. Kc4 Qa6+ 176. Kc5 Qa7+
177. Kd6 Qb8+ 178. Kd7 Qb5+ 179. Qc6 Qd3+ 180. Qd6 Qb5+ 181. Ke7 Qe2+ 182. Qe6
Qxg4 183. Qxf6+ Kh7 184. Qf7+ Kh8 185. Qf8+ Kh7 186. Qf6 Kg8 187. Qe6+ Kh8 188.
f6 Qb4+ 189. Kf7 Qb7+ 190. Kf8 Qh7 191. f7 Qg7+ 192. Ke7 Qg5+ 193. Qf6+ Qxf6+
194. Kxf6 Kh7 195. f8=R 1-0

[Event "NAYCC U16-U18 w"]
[Site "Windsor CAN"]
[Date "2016.08.09"]
[Round "5.25"]
[White "Gillan, Rahma"]
[Black "Luo, Maggie"]
[Result "1/2-1/2"]
[WhiteElo "1416"]
[BlackElo "1672"]
[PlyCount "59"]
[EventDate "2016.08.07"]
[EventType "swiss"]
[EventRounds "9"]
[EventCountry "CAN"]

1. e4 e5 2. Nf3 Nc6 3. Bc4 Bc5 4. c3 Bb6 5. O-O Nf6 6. d3 h6 7. Bb3 d6 8. h3
Be6 9. Re1 Ne7 10. Nbd2 g5 11. d4 Ng6 12. Nc4 Bxc4 13. Bxc4 Qd7 14. dxe5 Nxe5
15. Nxe5 dxe5 16. Qxd7+ Nxd7 17. Be3 O-O 18. Rad1 Nf6 19. Bxb6 axb6 20. f3 Rad8
21. Kf2 h5 22. g4 Kg7 23. Bb3 Rh8 24. Rxd8 Rxd8 25. Rd1 Rxd1 26. Bxd1 h4 27.
Ke3 Nd7 28. Bc2 Nc5 29. b3 Kf6 30. Kd2 1/2-1/2

[Event "NAYCC U16-U18 w"]
[Site "Windsor CAN"]
[Date "2016.08.09"]
[Round "5.27"]
[White "Dasari, Samhitha"]
[Black "Eirew, Pepi"]
[Result "1-0"]
[WhiteElo "1714"]
[BlackElo "1074"]
[PlyCount "145"]
[EventDate "2016.08.07"]
[EventType "swiss"]
[EventRounds "9"]
[EventCountry "CAN"]

1. e4 e6 2. d4 d5 3. e5 c5 4. c3 Nc6 5. Be3 b6 6. Nf3 Bd7 7. Bd3 c4 8. Bc2 f6
9. exf6 Nxf6 10. Nbd2 Bd6 11. Qe2 O-O 12. O-O Qc7 13. h3 e5 14. dxe5 Nxe5 15.
Rfe1 Qc8 16. Bd4 Nxf3+ 17. Qxf3 Ne4 18. Qe2 Nxd2 19. Qxd2 Bf4 20. Qe2 Bxh3 21.
Qh5 Bf5 22. Re7 Bh6 23. Qxh6 Rf7 24. Qg5 Bxc2 25. Rxf7 Kxf7 26. Qxg7+ Ke6 27.
Re1+ Be4 28. f3 Qg8 29. Qxg8+ Rxg8 30. fxe4 dxe4 31. Rxe4+ Kd7 32. Bxb6 axb6
33. Rxc4 Rf8 34. Rh4 Rf7 35. Rh6 Kc7 36. a4 Kb7 37. b4 Rc7 38. Rh3 Ka6 39. Kf2
Rb7 40. Ke2 Re7+ 41. Re3 Rg7 42. g3 Rg5 43. Re7 b5 44. axb5+ Kxb5 45. Rxh7 Rxg3
46. Rh5+ Kc4 47. Rc5+ Kb3 48. b5 Rg8 49. b6 Rb8 50. Rc6 Ka4 51. c4 Ka5 52. c5
Kb5 53. Rc7 Re8+ 54. Kd3 Ka6 55. Kc4 Re4+ 56. Kd5 Re8 57. Ra7+ Kb5 58. b7 Rd8+
59. Ke6 Rb8 60. Kd6 Rh8 61. Ra8 Rh6+ 62. Kc7 Rh7+ 63. Kb8 Kxc5 64. Ka7 Kc6 65.
Rc8+ Kb5 66. Ka8 Ka6 67. b8=Q Rh6 68. Qa7+ Kb5 69. Rc5+ Kb4 70. Qa5+ Kb3 71.
Rc3+ Kb2 72. Qa3+ Kb1 73. Rc1# 1-0

[Event "NAYCC U16-U18 w"]
[Site "Windsor CAN"]
[Date "2016.08.10"]
[Round "6.17"]
[White "Ouellet, Maili-Jade"]
[Black "Samadashvili, Martha"]
[Result "1-0"]
[WhiteElo "1906"]
[BlackElo "1791"]
[PlyCount "135"]
[EventDate "2016.08.07"]
[EventType "swiss"]
[EventRounds "9"]
[EventCountry "CAN"]

1. d4 Nf6 2. c4 c5 3. d5 b5 4. cxb5 a6 5. bxa6 Bxa6 6. b3 e6 7. dxe6 fxe6 8.
Bb2 d5 9. g3 c4 10. Bg2 Bb4+ 11. Nc3 O-O 12. a3 Bc5 13. Nh3 cxb3 14. Qxb3 Nc6
15. O-O Bc4 16. Qd1 Rb8 17. Rb1 Bb3 18. Qc1 Qe7 19. Nf4 Rfc8 20. e3 Na5 21. Bh3
Rc6 22. Qe1 Nc4 23. e4 d4 24. e5 Nd7 25. Ne4 Ndxe5 26. Qe2 Nxb2 27. Nxc5 Bc4
28. Qxe5 Rb5 29. Qxd4 Bxf1 30. Bxf1 Rbxc5 31. Qxb2 Rc2 32. Qb4 Qf6 33. Bd3 R2c3
34. Qe4 g6 35. Rb8+ Kf7 36. Qb4 R3c5 37. Be4 Rc7 38. Rb7 Qe7 39. Rxc7 Qxc7 40.
Qb3 Qd6 41. Bf3 Ke7 42. a4 g5 43. Nd3 Rc7 44. a5 Qd4 45. Qb4+ Qxb4 46. Nxb4
Rc1+ 47. Kg2 Ra1 48. a6 Kd6 49. Bb7 Kc7 50. Nc2 Ra4 51. Ne3 h5 52. Nd1 Rd4 53.
Nc3 Rb4 54. Ne4 Rb5 55. Nf6 h4 56. Kh3 hxg3 57. fxg3 Rb4 58. Ne4 Rb5 59. Kg4
Rb2 60. h3 Rb4 61. Kxg5 Rb5+ 62. Kg4 Ra5 63. h4 Kd7 64. h5 Ke7 65. Kh4 Ra4 66.
g4 Ra1 67. h6 Rh1+ 68. Kg5 1-0

[Event "NAYCC U16-U18 w"]
[Site "Windsor CAN"]
[Date "2016.08.10"]
[Round "6.18"]
[White "Ding, Kimberly"]
[Black "Demchenko, Svitlana"]
[Result "1-0"]
[WhiteElo "1966"]
[BlackElo "1828"]
[PlyCount "179"]
[EventDate "2016.08.07"]
[EventType "swiss"]
[EventRounds "9"]
[EventCountry "CAN"]

1. e4 c5 2. Nf3 e6 3. d4 cxd4 4. Nxd4 Nc6 5. Nc3 Qc7 6. Be2 a6 7. O-O Nf6 8.
Be3 Be7 9. f4 d6 10. a3 O-O 11. Qe1 b5 12. Qg3 Nxd4 13. Bxd4 Bb7 14. Bf3 d5 15.
Kh1 Qc4 16. Rad1 dxe4 17. Bxe4 Bxe4 18. Nxe4 Nh5 19. Qf3 f5 20. Qxh5 fxe4 21.
c3 Bf6 22. Rfe1 Qb3 23. Qe2 Bxd4 24. Rxd4 Rxf4 25. g3 Rf6 26. Qxe4 Raf8 27. Re2
Qa2 28. Rd1 Qb3 29. Rd6 Qa2 30. Rd1 Qb3 31. Rdd2 Qa2 32. Kg2 Qc4 33. Qxc4 bxc4
34. Rd6 e5 35. Rd5 e4 36. Re5 Rb6 37. R5xe4 Rfb8 38. Re8+ Rxe8 39. Rxe8+ Kf7
40. Re2 Kf6 41. Kf3 Kf5 42. g4+ Kf6 43. Rd2 Ke5 44. Re2+ Kf6 45. h4 g6 46. Kf4
h6 47. Rf2 Re6 48. Rd2 Rb6 49. Ke4 Ke6 50. Rf2 Rd6 51. g5 hxg5 52. hxg5 Ke7 53.
Ke5 Rd3 54. Rf6 Rd2 55. Rxg6 Rxb2 56. Rxa6 Rb5+ 57. Kd4 Rxg5 58. Kxc4 Kd7 59.
Kb4 Kc7 60. Ra5 Rg4+ 61. c4 Kb6 62. Rb5+ Kc6 63. Rh5 Rg6 64. a4 Kb6 65. Ra5 Rf6
66. Rd5 Rf2 67. Rd6+ Kc7 68. Rh6 Rb2+ 69. Kc5 Ra2 70. Rh7+ Kb8 71. a5 Rb2 72.
Kc6 Rb1 73. c5 Rb2 74. a6 Ra2 75. Rb7+ Ka8 76. Rb6 Rc2 77. Kd6 Ka7 78. Rc6 Rh2
79. Kd5 Rh5+ 80. Kc4 Rh1 81. Rg6 Rc1+ 82. Kb5 Rb1+ 83. Kc6 Kxa6 84. Rg2 Ka7 85.
Rg8 Rh1 86. Rd8 Rh6+ 87. Kc7 Rh7+ 88. Rd7 Rh8 89. c6 Rb8 90. Rd1 1-0

[Event "NAYCC U16-U18 w"]
[Site "Windsor CAN"]
[Date "2016.08.10"]
[Round "6.19"]
[White "Kaneshalingam, Mathanhe"]
[Black "Nguyen, Emily"]
[Result "0-1"]
[WhiteElo "1631"]
[BlackElo "2067"]
[PlyCount "71"]
[EventDate "2016.08.07"]
[EventType "swiss"]
[EventRounds "9"]
[EventCountry "CAN"]

1. e4 c5 2. Nc3 Nc6 3. f4 g6 4. Nf3 Bg7 5. Bb5 Nd4 6. O-O Nxb5 7. Nxb5 d5 8.
exd5 a6 9. Nc3 Nf6 10. d3 Nxd5 11. Nxd5 Qxd5 12. Qe2 Bf6 13. Ng5 O-O 14. Ne4
Bd4+ 15. Kh1 b6 16. c3 Bg7 17. Ng3 Bb7 18. Be3 h5 19. h3 h4 20. Ne4 c4 21. Ng5
cxd3 22. Qf2 Bf6 23. Bxb6 e5 24. Nf3 exf4 25. Nd2 Rae8 26. Rfe1 Re6 27. Rxe6
Qxe6 28. Kg1 f3 29. Nxf3 Bxf3 30. gxf3 Qxh3 31. Be3 Re8 32. Rd1 Qf5 33. Re1 Bg5
34. Bxg5 Qxg5+ 35. Kf1 Rxe1+ 36. Qxe1 0-1

[Event "NAYCC U16-U18 w"]
[Site "Windsor CAN"]
[Date "2016.08.10"]
[Round "6.20"]
[White "Liu, Joanna"]
[Black "Wang, Constance"]
[Result "0-1"]
[WhiteElo "1956"]
[BlackElo "1886"]
[PlyCount "68"]
[EventDate "2016.08.07"]
[EventType "swiss"]
[EventRounds "9"]
[EventCountry "CAN"]

1. d4 Nf6 2. c4 e6 3. Nc3 d5 4. Nf3 Be7 5. cxd5 exd5 6. Bg5 O-O 7. e3 h6 8. Bh4
c6 9. Bd3 Nbd7 10. O-O Re8 11. Qc2 Ne4 12. Bxe7 Qxe7 13. Rab1 Nb6 14. b4 Nd6
15. Ne5 Be6 16. b5 cxb5 17. Nxb5 Rec8 18. Qe2 Ndc4 19. Bxc4 Nxc4 20. Nxc4 Rxc4
21. Rfc1 Rac8 22. Rxc4 Rxc4 23. Nxa7 Bf5 24. Rd1 Qb4 25. Qf3 Qa4 26. Nb5 Be4
27. Qe2 Qxb5 28. f3 Bc2 29. Rf1 Qa4 30. Ra1 b5 31. Qe1 Rc8 32. Qg3 b4 33. Qe5
b3 34. Qxd5 b2 0-1

[Event "NAYCC U16-U18 w"]
[Site "Windsor CAN"]
[Date "2016.08.10"]
[Round "6.21"]
[White "Trakru, Priya"]
[Black "Liu, Miranda"]
[Result "1-0"]
[WhiteElo "1816"]
[BlackElo "1902"]
[PlyCount "93"]
[EventDate "2016.08.07"]
[EventType "swiss"]
[EventRounds "9"]
[EventCountry "CAN"]

1. e4 c5 2. c3 d5 3. exd5 Qxd5 4. d4 Nf6 5. Nf3 e6 6. Be2 cxd4 7. cxd4 Nc6 8.
O-O Be7 9. Nc3 Qd8 10. Bf4 O-O 11. Qd2 Nb4 12. Ne5 Nbd5 13. Bg3 a6 14. Bf3 Bb4
15. a3 Ba5 16. Qd3 Ne7 17. Rfd1 Nf5 18. Na4 Nxg3 19. hxg3 Rb8 20. Rac1 Bd7 21.
Nc5 Bb5 22. Qc2 Qe7 23. a4 Be8 24. Qb3 b5 25. Nxa6 Rb6 26. Nc5 bxa4 27. Qa2 Bb4
28. Nxa4 Ra6 29. b3 Nd5 30. Qe2 Rxa4 31. bxa4 Nc3 32. Rxc3 Bxc3 33. Qa6 f6 34.
Nc4 Bf7 35. a5 Rd8 36. Qb6 e5 37. d5 Bd4 38. Qc6 Qa7 39. Rd2 Rb8 40. Be4 Kh8
41. Nd6 Bg6 42. a6 Bxe4 43. Nxe4 f5 44. Nd6 h6 45. Nb5 Rb6 46. Qc8+ Kh7 47.
Nxa7 1-0

[Event "NAYCC U16-U18 w"]
[Site "Windsor CAN"]
[Date "2016.08.10"]
[Round "6.22"]
[White "Matus, Nastassja"]
[Black "Vittal, Sanjana"]
[Result "1/2-1/2"]
[WhiteElo "1806"]
[BlackElo "1643"]
[PlyCount "56"]
[EventDate "2016.08.07"]
[EventType "swiss"]
[EventRounds "9"]
[EventCountry "CAN"]

1. d4 d5 2. c4 e6 3. Nf3 Nf6 4. g3 Nc6 5. cxd5 exd5 6. Bg2 Be7 7. O-O O-O 8.
Nc3 h6 9. a3 Bf5 10. h3 Ne4 11. e3 Na5 12. Ne5 Nxc3 13. bxc3 f6 14. Nd3 c6 15.
Nf4 Qe8 16. g4 Bd7 17. f3 g5 18. Ne2 Nc4 19. e4 Be6 20. Ng3 Bd6 21. Nf5 Bxf5
22. gxf5 Bf4 23. Qe1 Qh5 24. Qf2 Rae8 25. Re1 b6 26. Bf1 Nd6 27. Bg2 Nc4 28. a4
Kh8 1/2-1/2

[Event "NAYCC U16-U18 w"]
[Site "Windsor CAN"]
[Date "2016.08.10"]
[Round "6.23"]
[White "Davis, Katherine"]
[Black "Qiao, Cindy"]
[Result "1-0"]
[WhiteElo "1780"]
[BlackElo "1699"]
[PlyCount "47"]
[EventDate "2016.08.07"]
[EventType "swiss"]
[EventRounds "9"]
[EventCountry "CAN"]

1. e4 e5 2. Nf3 Nc6 3. Bb5 a6 4. Ba4 Nf6 5. O-O b5 6. Bb3 Be7 7. Re1 O-O 8. c3
d5 9. exd5 Nxd5 10. d4 exd4 11. Nxd4 Nxd4 12. Qxd4 Be6 13. Nd2 c5 14. Qe4 Bg5
15. Nf3 Bxc1 16. Raxc1 Nf6 17. Qe3 Bxb3 18. axb3 Qc7 19. h3 Rfe8 20. Qd3 Qf4
21. Rcd1 g6 22. Rxe8+ Nxe8 23. Qd5 Qc7 24. Qxa8 1-0

[Event "NAYCC U16-U18 w"]
[Site "Windsor CAN"]
[Date "2016.08.10"]
[Round "6.24"]
[White "Cui, Cynthia"]
[Black "Dasari, Samhitha"]
[Result "1/2-1/2"]
[WhiteElo "1508"]
[BlackElo "1714"]
[PlyCount "58"]
[EventDate "2016.08.07"]
[EventType "swiss"]
[EventRounds "9"]
[EventCountry "CAN"]

1. c4 Nf6 2. g3 g6 3. Bg2 Bg7 4. Nf3 O-O 5. O-O d6 6. Nc3 e5 7. d3 Nc6 8. Rb1
a5 9. a3 Re8 10. Re1 e4 11. Ng5 exd3 12. exd3 h6 13. Nge4 Be6 14. b4 axb4 15.
axb4 Nxe4 16. Nxe4 Kh7 17. Bb2 Nd4 18. Nd2 c6 19. Nf3 Bg4 20. Rxe8 Qxe8 21.
Bxd4 Bxd4 22. Qc2 Bxf3 23. Bxf3 Qe5 24. b5 d5 25. bxc6 bxc6 26. cxd5 cxd5 27.
Kg2 Kg7 28. Rf1 Rb8 29. Qc6 Rb3 1/2-1/2

[Event "NAYCC U16-U18 w"]
[Site "Windsor CAN"]
[Date "2016.08.10"]
[Round "6.25"]
[White "Luo, Maggie"]
[Black "Bhanji, Zaynah"]
[Result "1-0"]
[WhiteElo "1672"]
[BlackElo "1489"]
[PlyCount "125"]
[EventDate "2016.08.07"]
[EventType "swiss"]
[EventRounds "9"]
[EventCountry "CAN"]

1. e4 c5 2. d3 Nc6 3. g3 g6 4. Bg2 Bg7 5. f4 e6 6. Nf3 Nge7 7. O-O O-O 8. c3 f5
9. Be3 b6 10. Nbd2 Rb8 11. Bf2 Bb7 12. Qc2 Ba6 13. exf5 exf5 14. Ne5 Nxe5 15.
fxe5 Bb7 16. Nf3 Nc6 17. d4 cxd4 18. cxd4 Re8 19. Be3 Rf8 20. Ng5 Qe7 21. Bd5+
Kh8 22. Qg2 h6 23. Qh3 Nd8 24. Bxb7 Rxb7 25. Rfe1 h5 26. Nf3 Nc6 27. a3 Rbb8
28. Rad1 Rbc8 29. Bg5 Qe8 30. Qg2 Kg8 31. Qe2 Nd8 32. Bxd8 Rxd8 33. e6 Qxe6 34.
Qxe6+ dxe6 35. Rxe6 Rf7 36. Rxg6 Rf6 37. Rxf6 Bxf6 38. Kf2 Kg7 39. b3 Kh6 40.
d5 Be7 41. Ne5 Kg7 42. a4 Bd6 43. Nc4 Kf6 44. Kf3 Kg6 45. Ke3 Kf6 46. Nxd6 Rxd6
47. Kd4 Rd7 48. b4 Rd6 49. a5 Rd7 50. axb6 axb6 51. Kc4 Rd6 52. Re1 Kf7 53. Re6
Rxe6 54. dxe6+ Kxe6 55. Kb5 Kd6 56. Kxb6 Kd7 57. b5 h4 58. Ka7 hxg3 59. hxg3
Ke6 60. b6 Ke5 61. b7 Ke4 62. b8=Q Kf3 63. Qf4+ 1-0

[Event "NAYCC U16-U18 w"]
[Site "Windsor CAN"]
[Date "2016.08.10"]
[Round "6.26"]
[White "Tao, Rachel"]
[Black "Gillan, Rahma"]
[Result "1-0"]
[WhiteElo "1628"]
[BlackElo "1416"]
[PlyCount "145"]
[EventDate "2016.08.07"]
[EventType "swiss"]
[EventRounds "9"]
[EventCountry "CAN"]

1. e4 e5 2. Bc4 Nf6 3. d3 d5 4. exd5 Nxd5 5. Nf3 Bg4 6. O-O c6 7. Re1 Bd6 8. h3
Bxf3 9. Qxf3 Qf6 10. Bxd5 cxd5 11. Qxd5 Nc6 12. Nc3 O-O 13. Ne4 Qg6 14. Qxd6
Nd4 15. Qxg6 hxg6 16. Rb1 Nxc2 17. Rd1 Rfd8 18. a3 Nd4 19. Be3 Nc6 20. f3 Rd5
21. Kf1 Rad8 22. Ke2 f5 23. Nc3 R5d7 24. b4 a6 25. a4 Re8 26. Kf2 f4 27. Bb6
Rc8 28. Ke2 Nxb4 29. Rxb4 Rxc3 30. Rd2 Kf7 31. Rc4 Ra3 32. a5 Ke6 33. d4 exd4
34. Rcxd4 Rxd4 35. Rxd4 Ra2+ 36. Rd2 Ra3 37. Rc2 Kd5 38. Rc7 Ra2+ 39. Kf1 Ra1+
40. Kf2 Ra2+ 41. Kg1 Ra1+ 42. Kh2 Re1 43. Rxb7 Kc6 44. Rxg7 Re6 45. h4 Kb5 46.
Rf7 Rc6 47. Rxf4 Re6 48. h5 gxh5 49. Rf5+ Kc6 50. Rxh5 Re2 51. Kh3 Re8 52. g4
Kd6 53. f4 Ke6 54. Re5+ Kf7 55. Rxe8 Kxe8 56. f5 Kf7 57. g5 Kg7 58. Kg4 Kf7 59.
Kh5 Kg7 60. f6+ Kg8 61. Kg6 Kf8 62. f7 Ke7 63. f8=Q+ Kxf8 64. Kh7 Kf7 65. g6+
Ke6 66. g7 Kf5 67. g8=Q Ke4 68. Qc4+ Ke5 69. Kg6 Kd6 70. Qc5+ Ke6 71. Kg7 Kd7
72. Kf6 Ke8 73. Qe7# 1-0

[Event "NAYCC U16-U18 w"]
[Site "Windsor CAN"]
[Date "2016.08.10"]
[Round "6.27"]
[White "Eirew, Pepi"]
[Black "Laurrabaquio Ramirez, Itzel At"]
[Result "0-1"]
[WhiteElo "1074"]
[BlackElo "1470"]
[PlyCount "54"]
[EventDate "2016.08.07"]
[EventType "swiss"]
[EventRounds "9"]
[EventCountry "CAN"]

1. d4 Nf6 2. Nf3 g6 3. Bf4 Bg7 4. e3 O-O 5. Bd3 d6 6. Nbd2 Nbd7 7. Qe2 Qe8 8.
O-O-O e5 9. dxe5 dxe5 10. Bg3 e4 11. Nxe4 Nxe4 12. Bxc7 Ndc5 13. Bb5 Qe7 14.
Bf4 a6 15. c3 axb5 16. Kb1 Bf5 17. Kc1 Rxa2 18. Nd2 Nxd2 19. Kxd2 Rxb2+ 20. Ke1
Bxc3+ 21. Kf1 Rxe2 22. Kxe2 Qe4 23. f3 Qc2+ 24. Kf1 Qxd1+ 25. Kf2 Nd3+ 26. Kg3
Be1+ 27. Rxe1 Qxe1# 0-1